01400nam a2200361 a 4500001001200000003000800012006001900020007001500039008004100054020001800095020001800113020002700131040002100158035002100179043001200200050002500212082002000237100002000257245012000277260005400397300005100451504005100502533015200553650001100705650002100716650003400737650003100771651004700802655002900849710001700878856012600895999001701021ebr10648723CaPaEBRm u cr cn|||||||||130205s2011 enkabf sb 001 0 eng d z9781906876241 z9781906876227 z9789004218024 (e-book) aCaPaEBRcCaPaEBR a(OCoLC)819352035 aa-ja---14aGR830.T3bK58 2011eb04a796.80952092231 aKnutsen, Roald.10aTenguh[electronic resource] :bthe shamanic and esoteric origins of the Japanese martial arts /cby Roald Knutsen. aFolkestone, Kent, U.K. :bGlobal Oriental,c2011. axxvii, 245 p., [8] p. of plates :bill., maps. aIncludes bibliographical references and index. aElectronic reproduction.bPalo Alto, Calif. :cebrary,d2013.nAvailable via World Wide Web.nAccess may be limited to ebrary affiliated libraries. 0aTengu. 0aFolklorezJapan. 0aMartial artszJapanxHistory. 0aShamanismzJapanxHistory. 0aJapanxSocial life and customsy1185-1600. 7aElectronic books.2local2 aebrary, Inc.40uhttp://site.ebrary.com/lib/rucke/Doc?id=10648723zAn electronic book accessible through the World Wide Web; click to view c34707d34707